000 00587nam a22001937a 4500
003 0
005 20240925103629.0
008 240925b xxu||||| |||| 00| 0 eng d
020 _a 9781350235373
050 _aPE 1429
_b.Es87 2022
245 _aThe essay at the limits :
_bpoetics, politics and form /
_cedited by Mario Aquilina.
260 _aLondon :
_bBloomsbury Academic,
_c2022.
300 _axv, 248 p. ;
_c24 cm.
504 _aIncludes bibliographical references and index.
650 _aEssay.
650 _aPoetics.
700 _aAquilina, Mario,
_eeditor.
942 _2lcc
_cBK
999 _c366391
_d366391